LEADER 01144nam0 22002651i 450 001 UON00465908 005 20231205105143.866 100 $a20160318d1965 |0itac50 ba 101 $arus 102 $aUS 105 $a|||| 1|||| 200 1 $aDalekoe$fBoris Zaj?ev 210 $aWashington$cInter-Language Literary Associates$d1965 215 $a201 p.$c1 ritr.$d21 cm. 620 $aUS$dWashington$3UONL000087 676 $a891.709$cLetteratura russa. Storia, geografia, persone$v21 700 1$aZAJCEV$bBoris Konstantinovi?$3UONV110173$0609187 712 $aInter-Language Literary Associates$3UONV280798$4650 790 1$aZAITSEV, Boris$zZAJCEV, Boris Konstantinovi?$3UONV198291 801 $aIT$bSOL$c20240220$gRICA 912 $aUON00465908 950 $aSIBA - SISTEMA BIBLIOTECARIO DI ATENEO$dSI RUSSO C 2281 $eSI RU 4616 7 2281 950 $aSIBA - SISTEMA BIBLIOTECARIO DI ATENEO$dSI RUSSO C 2338 $eSI RU 4795 7 2338 996 $aDalekoe$91398777 997 $aUNIOR